Catálogo público

Nutrición de ovidos / W. J. Pryor; tradución Pedro Ducar Maluenda (Record no. 216908)

MARC details
000 -CABECERA
campo de control de longitud fija 00827nam a2200265Ia 4500
001 - NÚMERO DE CONTROL
campo de control Z_3400
008 - DATOS DE LONGITUD FIJA--INFORMACIÓN GENERAL
campo de control de longitud fija 220601s9999 xx 000 0 und d
082 ## - NÚMERO DE LA CLASIFICACIÓN DECIMAL DEWEY
Número de clasificación 636.30852 P79
100 ## - ENTRADA PRINCIPAL--NOMBRE DE PERSONA
Nombre de persona Pryor, W. J.
9 (RLIN) 92550
245 ## - MENCIÓN DE TÍTULO
Título Nutrición de ovidos / W. J. Pryor; tradución Pedro Ducar Maluenda
260 ## - PUBLICACIÓN, DISTRIBUCIÓN, ETC.
Lugar de publicación, distribución, etc. España : Acribia
300 ## - DESCRIPCIÓN FÍSICA
Extensión 79 p.
500 ## - NOTA GENERAL
Nota general Traducción de la obra en inglés: Sheep nutrition
503 ## - NOTA DE HISTORIA BIBLIOGRÁFICA (BK CF MU) [OBSOLETO]
Nota de historia bibliográfica ej.1: s/n \ ej.2: s/n
650 ## - PUNTO DE ACCESO ADICIONAL DE MATERIA--TÉRMINO DE MATERIA
Término de materia o nombre geográfico como elemento de entrada 1. Ovejas
650 ## - PUNTO DE ACCESO ADICIONAL DE MATERIA--TÉRMINO DE MATERIA
Término de materia o nombre geográfico como elemento de entrada Alimentación de ovinos
9 (RLIN) 143746
650 ## - PUNTO DE ACCESO ADICIONAL DE MATERIA--TÉRMINO DE MATERIA
Término de materia o nombre geográfico como elemento de entrada Pequeños rumiantes -- Nutrición animal
650 ## - PUNTO DE ACCESO ADICIONAL DE MATERIA--TÉRMINO DE MATERIA
Término de materia o nombre geográfico como elemento de entrada Requerimientos nutritivos
9 (RLIN) 141553
700 ## - PUNTO DE ACCESO ADICIONAL--NOMBRE DE PERSONA
Nombre de persona Ducar Maluenda, Pedro, tr.Ì
901 ## - ELEMENTOS DE DATOS A LOCAL LDA (RLIN)
a 636.30852 P79
902 ## - ELEMENTOS DE DATOS B LOCAL, LDB (RLIN)
a M
905 ## - ELEMENTOS DE DATOS E LOCAL, LDE (RLIN)
a 5232271972 sp n 8222223322spa16
942 ## - ELEMENTOS DE PUNTO DE ACCESO ADICIONAL (KOHA)
Tipo de ítem Koha Libro_
Holdings
Estado de retiro Estado de pérdida Fuente del sistema de clasificación o colocación Estado dañado No para préstamo Código de colección Localización permanente Ubicación/localización actual Ubicación en estantería Fecha de adquisición Total de préstamos Código de barras Fecha visto por última vez Fecha del último préstamo Número de copia Precio válido a partir de Tipo de ítem Koha
    Dewey Decimal Classification     General Zootecnia Zootecnia   24/04/2018 4 z_7056 17/06/2025 17/06/2025 2 02/06/2022 Libro
    Dewey Decimal Classification     General Zootecnia Zootecnia   09/11/2005 2 z_3905 02/12/2024 02/12/2024 1 02/06/2022 Libro